000 00632nam a2200217Ia 4500
001 32906
003 IN-NITTTR
005 20251114233436.0
008 251113s9999||||xx |||||||||||||| ||eng||
040 _beng
040 _cIN-NITTTR
041 _aeng
082 _aTK2980
100 _aRobyns, Benoit
245 0 _aElectrical Energy Storage in Transportation Systems /
_cRobyns, Benoit, Saudemont, Christophe, Hissel, Daniel, Roboam, Xavier, Sareni, Bruno, Pouget, Julien
700 _a Hissel, Daniel
700 _a Roboam, Xavier
700 _a Sareni, Bruno
700 _a Saudemont, Christophe
942 _2ddc
_cBK
999 _c35563
_d35563